Dokończ przysłowie #2 - Statystyki

Ogólne statystyki
  • Ten quiz został rozwiązany 7 934 razy
  • Średni wynik to 20 z 30
Statystyki odpowiedzi
Przysłowie % Poprawnych
Czuć się jak {ryba} w wodzie.
96%
Myśli o niebieskich {migdałach}.
94%
Oko za oko {ząb za ząb}.
93%
Niedaleko pada {jabłko} od jabłoni.
92%
Z dużej {chmury} mały deszcz.
90%
W {marcu} jak w garncu.
89%
Bez pracy nie ma {kołaczy}.
88%
Gdyby kózka {nie skakała} to by nóżki {nie złamała}.
87%
Nie bądź w {gorącej wodzie} kąpany.
87%
{Elektryka} prąd nie tyka.
85%
Kłamiesz jak z {nut}.
85%
Kto pod kim dołki {kopie} ten sam w nie {wpada}.
85%
Kwiecień plecień bo przeplata trochę {zimy} trochę {lata}.
85%
Kogut myślał o {niedzieli} a w {sobotę} łeb mu ucieli.
77%
Jak się {nie ma} co się lubi to się {lubi} co się ma.
76%
Robota nie {zając} nie ucieknie.
73%
{Najciemniej} pod latarnią.
71%
Co nagle to po {diable}.
70%
{Fortuna} kołem się toczy.
64%
Jak pies je to {nie szczeka}.
54%
Co ma wisieć {nie utonie}.
49%
Bogatemu to i {byk} się ocieli.
47%
Przestań drzeć {koty}.
46%
Nie ma {dymu} bez ognia.
43%
Daj kurze {grzędę} a ona wyżej siędę.
37%
Pańskie oko konia {tuczy}.
36%
Co z {oczu} to z serca.
33%
Na {złodzieju} czapka gore.
21%
Każda {pliszka} swój ogonek chwali.
12%
Z {piasku} bicza nie ukręcisz.
12%
Nie znaleziono quizów pasujących do podanych kryteriów
Rozkład punktacji
Procent ludzi z każdym wynikiem
Percentyl według liczby udzielonych odpowiedzi
Twoja historia wyników
Nie rozwiązałeś tego quizu